[Event "Presidents Cup"]
[Site "Baku AZE"]
[Date "2010.04.29"]
[Round "1"]
[White "Guseinov, G."]
[Black "Sutovsky, E."]
[Result "0-1"]
[WhiteElo "2609"]
[BlackElo "2650"]
[PlyCount "77"]
[EventDate "2010.04.29"]

1. e4 c5 2. Nf3 d6 3. d4 cxd4 4. Nxd4 Nf6 5. Nc3 a6 6. Bg5 Nbd7 7. f4 e5 8. Nf3
Qc7 9. Bd3 h6 10. Bxf6 Nxf6 11. Qd2 Be7 12. O-O-O b5 13. fxe5 dxe5 14. Qe1 O-O
15. Nd5 Nxd5 16. exd5 Bd6 17. Nh4 Bg4 18. Rd2 Rae8 19. Be4 f5 20. h3 Bxh3 21.
gxh3 fxe4 22. Qxe4 Rf4 23. Qg6 Ref8 24. Qe6+ Kh7 25. Qg6+ Kh8 26. Qg3 Rf1+ 27.
Rxf1 Rxf1+ 28. Rd1 e4 29. Ng6+ Kh7 30. Qg2 Bf4+ 31. Nxf4 Qxf4+ 32. Qd2 Rxd1+
33. Kxd1 e3 34. Qd3+ Kg8 35. d6 Qf3+ 36. Ke1 Qf2+ 37. Kd1 Kf7 38. d7 e2+ 39.
Qxe2 0-1

[Event "Presidents Cup"]
[Site "Baku AZE"]
[Date "2010.04.29"]
[Round "2"]
[White "Mamedov, Rau"]
[Black "Guseinov, G."]
[Result "1/2-1/2"]
[WhiteElo "2639"]
[BlackElo "2609"]
[PlyCount "94"]
[EventDate "2010.04.29"]

1. e4 c5 2. Nf3 g6 3. d4 cxd4 4. Nxd4 Nc6 5. Nc3 Bg7 6. Be3 Nf6 7. Bc4 O-O 8.
Bb3 d6 9. h3 Bd7 10. O-O Nxd4 11. Bxd4 Bc6 12. Qd3 a5 13. a4 Nd7 14. Bxg7 Kxg7
15. Nd5 Nc5 16. Qd4+ e5 17. Qe3 Nxb3 18. Qxb3 Bxd5 19. Qxd5 Qb6 20. b3 Rac8 21.
Rac1 Rc3 22. Rfd1 Rd8 23. Rd2 Qb4 24. Rcd1 Rc5 25. Qd3 Rc3 26. Qd5 Rc5 27. Qd3
Rc3 28. Qb5 Qxb5 29. axb5 Rc5 30. c4 a4 31. bxa4 Rxc4 32. Rxd6 Rxd6 33. Rxd6
Rxe4 34. a5 Re1+ 35. Kh2 Ra1 36. a6 bxa6 37. bxa6 Ra2 38. f3 f5 39. Rd7+ Kf6
40. a7 h5 41. h4 e4 42. fxe4 fxe4 43. Kg3 e3 44. Kf3 e2 45. Kf2 Kf5 46. Re7 Kf6
47. Rxe2 Rxa7 1/2-1/2